Welcome to CU Library Online Public Access Catalogue (OPAC)

Fool's gold? : (Record no. 6707)

MARC details
000 -LEADER
fixed length control field 00915cam a2200253 a 4500
001 - CONTROL NUMBER
control field 13817172
005 - DATE AND TIME OF LATEST TRANSACTION
control field 20250626103807.0
008 - FIXED-LENGTH DATA ELEMENTS--GENERAL INFORMATION
fixed length control field 041216s2005 ilu b 001 0 eng
020 ## - INTERNATIONAL STANDARD BOOK NUMBER
International Standard Book Number 158134726X (pbk.)
050 00 - LIBRARY OF CONGRESS CALL NUMBER
Classification number BS680.C47
Item number F66 2005
082 00 - DEWEY DECIMAL CLASSIFICATION NUMBER
Classification number 230/.04624
Edition information 22
245 00 - TITLE STATEMENT
Title Fool's gold? :
Remainder of title discerning truth in an age of error /
Statement of responsibility, etc. John MacArthur, general editor ; Nathan Busenitz, Scott Lang, Phil Johnson, associate editors.
260 ## - PUBLICATION, DISTRIBUTION, ETC.
Place of publication, distribution, etc. Wheaton, Ill. :
Name of publisher, distributor, etc. Crossway Books,
Date of publication, distribution, etc. c2005.
300 ## - PHYSICAL DESCRIPTION
Extent 224 p. ;
Dimensions 22 cm.
650 #0 - SUBJECT ADDED ENTRY--TOPICAL TERM
Topical term or geographic name entry element Christian life
General subdivision Biblical teaching.
650 #0 - SUBJECT ADDED ENTRY--TOPICAL TERM
Topical term or geographic name entry element Discernment (Christian theology)
650 #0 - SUBJECT ADDED ENTRY--TOPICAL TERM
Topical term or geographic name entry element Evangelicalism.
700 1# - ADDED ENTRY--PERSONAL NAME
Personal name MacArthur, John,
Dates associated with a name 1939-
700 1# - ADDED ENTRY--PERSONAL NAME
Personal name Busenitz, Nathan.
700 1# - ADDED ENTRY--PERSONAL NAME
Personal name Lang, Scott,
Dates associated with a name 1966-
700 1# - ADDED ENTRY--PERSONAL NAME
Personal name Johnson, Phillip R.,
Dates associated with a name 1953-
856 41 - ELECTRONIC LOCATION AND ACCESS
Materials specified Table of contents
Uniform Resource Identifier <a href="http://www.loc.gov/catdir/toc/ecip055/2004030155.html">http://www.loc.gov/catdir/toc/ecip055/2004030155.html</a>
942 ## - ADDED ENTRY ELEMENTS (KOHA)
Source of classification or shelving scheme Library of Congress Classification
Koha item type Books
Suppress in OPAC No
999 ## -
-- 6707
-- 6707
Holdings
Withdrawn status Lost status Source of classification or shelving scheme Damaged status Not for loan Collection Home library Current library Shelving location Date acquired Total checkouts Full call number Barcode Date last seen Copy number Price effective from Koha item type
    Library of Congress Classification     Non-fiction Undergraduate Library (Christ Temple) Undergraduate Library (Christ Temple) General stacks 06/26/2025   BS680 MAC ulct00003535 06/26/2025 1 06/26/2025 Books
© 2023-2024 Copyright: Central University Libraries. All Rights Reserved | Created by: Mahone Tech Office